POINT PREVALENCE SURVEY OF NOSOCOMIAL INFECTIONS IN UNIVERSITY HOSPITAL IN MARTIN

Bibliographic Details
Main Authors: Zabkova, E. (Author), Hudeckova, H. (Author), Murajda, L. (Author)
Format: Article
Language:English

MARC

LEADER 00000nab a2200000uu 4500
001 vtls010903143
003 SK-MaSNL
005 20260303142403.0
008 230222|2011 xo |||||||||||||||||eng|
015 |a SNBRB 
035 |a (urnnbn)urn:nbn:sk:snk:ar-a07q41 
035 |a (uuid)19fc4cb8-7edc-4e01-85a4-981f69e9d82d 
035 |a urn:nbn:sk:snk-ab8u8t 
040 |a SNKBUCL  |b slo  |c SNKBUCL  |e AACR2 
041 0 |a eng 
044 |a xo  |c SK 
100 1 |a Zabkova, E.  |4 aut  |9 1162685 
245 1 0 |a POINT PREVALENCE SURVEY OF NOSOCOMIAL INFECTIONS IN UNIVERSITY HOSPITAL IN MARTIN  |c E. Zabkova, H. Hudeckova, L. Murajda 
700 1 |a Hudeckova, H.  |4 aut  |9 1141818 
700 1 |a Murajda, L.  |4 aut  |9 781169 
773 0 |t Acta medica Martiniana : journal for biomedical sciences, clinical medicine and nursing  |g Roč. 11, č. 1 (2011), s. 35-40 
958 |a OND 
958 |a EUIPO 
958 |a article10 
999 |c 1982521  |d 1984451